000 00349nam a22001337a 4500
008 181121b xxu||||| |||| 00| 0 eng d
020 _a9781118013861
041 _aeng
080 _a004
100 _a37
101 _aSHK
245 _aAutomatic Microsoft Windows 2008 R2 Administration With Windowa Power shell 2.0
_cHester.M
942 _2udc
_cBK
999 _c52248
_d52248